Handbook of mathematical fluid dynamics. (Record no. 29608)
[ view plain ]
| 000 -LEADER | |
|---|---|
| fixed length control field | 00610 a2200181 4500 |
| 020 ## - INTERNATIONAL STANDARD BOOK NUMBER | |
| International Standard Book Number | 044451287X |
| 020 ## - INTERNATIONAL STANDARD BOOK NUMBER | |
| International Standard Book Number | 9780444512871 |
| 082 ## - DEWEY DECIMAL CLASSIFICATION NUMBER | |
| Classification number | 532.050151 |
| 090 ## - LOCALLY ASSIGNED LC-TYPE CALL NUMBER (OCLC); LOCAL CALL NUMBER (RLIN) | |
| -- | 989 |
| -- | 989 |
| 100 ## - MAIN ENTRY--PERSONAL NAME | |
| Personal name | Friedlander,S. |
| 245 10 - TITLE STATEMENT | |
| Title | Handbook of mathematical fluid dynamics. |
| Number of part/section of a work | Volume 2 / |
| Statement of responsibility, etc. | S. Friedlander, D. Serre. |
| 260 ## - PUBLICATION, DISTRIBUTION, ETC. | |
| Place of publication, distribution, etc. | [S.l.] : |
| Name of publisher, distributor, etc. | North Holland, |
| Date of publication, distribution, etc. | 2006 |
| 300 ## - PHYSICAL DESCRIPTION | |
| Extent | 626 p. ; |
| Dimensions | 25 cm. |
| 700 1# - ADDED ENTRY--PERSONAL NAME | |
| Personal name | Friedlander, S. |
| 700 1# - ADDED ENTRY--PERSONAL NAME | |
| Personal name | Serre, D. |
| 942 ## - ADDED ENTRY ELEMENTS (KOHA) | |
| Institution code [OBSOLETE] | SNS |
| Koha item type | Book |
| Call number prefix | 532.050151 FRI |
| Withdrawn status | Lost status | Damaged status | Not for loan | Permanent Location | Current Location | Date acquired | Total Checkouts | Full call number | Barcode | Date last seen | Price effective from | Koha item type |
|---|---|---|---|---|---|---|---|---|---|---|---|---|
| School of Natural Sciences (SNS) | School of Natural Sciences (SNS) | 05/26/2016 | 532.050151 FRI | SNS0001167 | 05/26/2016 | 05/26/2016 | Book |
